Inšpekcia práce
Inšpekcia práce - dozor nad dodržiavaním pracovnoprávnych predpisov. Pracoviská, na ktorých sa vykonáva inšpekcia práce. Inšpektorát práce. Oprávnenia inšpektora práce. Všeobecné zásady prevencie u zamestnávateľa. Kontrolná činnosť zamestnávateľa z pohľadu BOZP. Nelegálna práca. Platná legislatíva o...
Salvato in:
| Autore principale: | |
|---|---|
| Natura: | Capitolo di libro |
| Lingua: | slovacco |
| Soggetti: | |
| Tags: |
Nessun Tag, puoi essere il primo ad aggiungerne!!
|
MARC
| LEADER | 00000naa a2200000 4500 | ||
|---|---|---|---|
| 001 | 0246305 | ||
| 005 | 20240722110151.6 | ||
| 041 | 0 | |a slo | |
| 044 | |a SK | ||
| 245 | 1 | 0 | |a Inšpekcia práce |c Mariana Matulková |
| 520 | |a Inšpekcia práce - dozor nad dodržiavaním pracovnoprávnych predpisov. Pracoviská, na ktorých sa vykonáva inšpekcia práce. Inšpektorát práce. Oprávnenia inšpektora práce. Všeobecné zásady prevencie u zamestnávateľa. Kontrolná činnosť zamestnávateľa z pohľadu BOZP. Nelegálna práca. Platná legislatíva od 1. januára 2018. | ||
| 610 | 2 | 0 | |a inšpekcia štátna |
| 610 | 2 | 0 | |a inšpekcia práce |
| 610 | 2 | 0 | |a kontrola |
| 610 | 2 | 0 | |a pracovisko |
| 610 | 2 | 0 | |a práca |
| 610 | 2 | 0 | |a práca nelegálna |
| 610 | 2 | 0 | |a bezpečnosť práce |
| 610 | 2 | 0 | |a ochrana zdravia |
| 610 | 2 | 0 | |a zamestnávatelia |
| 610 | 2 | 0 | |a povinnosti zamestnávateľov |
| 610 | 2 | 0 | |a zamestnanci |
| 610 | 2 | 0 | |a legislatíva |
| 100 | 1 | |a Matulková, Mariana | |